| 000 | 00452nam a2200121Ia 4500 | ||
|---|---|---|---|
| 008 | 220620s9999||||xx |||||||||||||| ||und|| | ||
| 100 | _aMizielińska, Joanna | ||
| 245 | 0 | _aQueer Kinship on the Edge? Families of Choice in Poland | |
| 546 | _aEnglish[eng] | ||
| 650 | _aGay and Lesbian studies / LGBTQ studies||Sociology: family and relationships | ||
| 856 | _uhttps://library.oapen.org/bitstream/20.500.12657/54479/1/9781000607154.pdf | ||
| 942 | _cEB | ||
| 999 |
_c33221 _d33221 |
||